Mal di luna : racconti di lupi mannari /

Gorde:
Xehetasun bibliografikoak
Egile Nagusiak: Eadie, Arlton (Egilea), Pilo, Gianni (Egilea), Stone, Elizabeth, (1808-1876) (Egilea)
Beste egile batzuk: Fusco, Sebastiano, (1944- )
Formatua: Liburua
Hizkuntza:italiera
Argitaratua: Roma : TEN, 1994
Edizioa:Ed. integrali
Saila:Centopaginemillelire ; 190
Gaiak:
Etiketak: Etiketa erantsi
Etiketarik gabe, Izan zaitez lehena erregistro honi etiketa jartzen!

MARC

LEADER 00000nam a22000007i 4500
001 IT\ICCU\CFI\0287688
003 ItRI
005 20260115231937.0
008 950111s1994 it |||||| ||||| |||||c
020 |a 887983648X 
040 |b ita  |c importazione bologna sebina 
041 7 |a ita  |2 ISO-639-2 
082 |a 808.83872  |9 RACCOLTE DI PIU LETTERATURE. NARRATIVA di mistero e suspense  |2 19 
130 0 |a Mal di luna  |3 IT\ICCU\RLZ\0233802 
245 0 0 |a Mal di luna :  |b racconti di lupi mannari /  |c A. Eadie, E. Stone, G. Pilo ; a cura di Gianni Pilo e Sebastiano Fusco. 
250 |a Ed. integrali 
260 |a Roma :  |b TEN,  |c 1994 
300 |a 89 p. ;  |c 20 cm 
500 |a Traduzione di Gianni Pilo 
650 7 |a Letteratura dell'orrore  |x Antologie  |2 scbi 
700 1 |a Eadie, Arlton  |0 IT\ICCU\CFIV\145042  |4 aut 
700 1 |a Fusco, Sebastiano,  |d  (1944- )  |0 IT\ICCU\CFIV\330450 
700 1 |a Pilo, Gianni  |0 IT\ICCU\CFIV\009948  |4 aut 
700 1 |a Stone, Elizabeth,  |d  (1808-1876)  |0 IT\ICCU\CFIV\145044  |4 aut 
777 1 |w IT\ICCU\TO0\1760292  |t Azuna  |a Pilo, Gianni  |0 IT\ICCU\CFIV\009948 
777 1 |w IT\ICCU\TO0\1760295  |t La maledizione della strega  |a Eadie, Arlton  |0 IT\ICCU\CFIV\145042 
777 1 |w IT\ICCU\TO0\1760296  |t La mano  |a Stone, Elizabeth (1808-1876)  |0 IT\ICCU\CFIV\145044 
790 1 |a Sabellicus, Jorg  |3 IT\ICCU\SBNV\079301  |z Fusco, Sebastiano (1944- ) 
830 0 |a Centopaginemillelire ;  |v 190  |0 IT\ICCU\RAV\0196182 
942 |2 ddc  |c BK  |n 0 
952 |0 0  |1 0  |4 0  |6 DOC_809_915000000000000_EAD  |7 0  |9 17357  |a BO  |b BO  |d 2026-01-15  |i 10163  |l 0  |o DOC 809.915 EAD  |p BO10163  |r 2026-01-15 23:19:37  |w 2026-01-15  |x [Sebina 5] [1 v.]  |y BK  |z 1 v. 
999 |c 14811  |d 14811